000 00823nam a2200229 a 4500
001 000013312
005 20260303133932.0
008 091123s1997 dr a 000 h spa d
040 _aDO-SdBNP
_bspa
_cBNPHU
082 _aRD867.44
_bA347v
100 1 _aAlcántara, Emeterio,
_d1963-
_930509
245 1 0 _aVivencias para reír y meditar /
_cEmeterio Alcántara ; presentación Jacobo Moquete de la Rosa.
260 _aSanto Domingo :
_bIM Impresora,
_c1997.
300 _a175 p. :
_bil. ;
_c21 cm.
500 _aIncluye datos biográficos del autor en la contracubierta.
590 _aInventariado, 2018/BT
650 0 _aHumorismo dominicano
_9275
650 0 _aPoesía dominicana
_966
650 0 _aLiteratura dominicana.
_967
700 1 2 _aMoquete de la Rosa, Jacobo
_91678
910 _aValidado. Control de calidad. MFF
999 _c12942
_d12942